[Event "FRA-ch Youth U12 2019"]
[Site "Hyeres"]
[Date "2019.04.18"]
[Round "6.3"]
[White "Lesueur, Gabriel"]
[Black "Siffert, Arman"]
[Result "1/2-1/2"]
[WhiteElo "1589"]
[BlackElo "1701"]
[Annotator "NA"]
[PlyCount "54"]
[EventDate "2019.04.14"]
[EventType "swiss"]
[EventCountry "FRA"]
[SourceTitle "playchess.com"]
[Source "ChessBase"]
[SourceQuality "1"]
[TimeControl "5400+30"]

1. e4 {[%emt 0:00:00]} c5 {[%emt 0:00:00]} 2. Nf3 {[%emt 0:00:00]} d6 {[%emt 0:00:00]} 3. d4 {[%emt 0:00:00]} cxd4 {[%emt 0:00:00]} 4. Nxd4 {[%emt 0:00:00]} Nf6 {[%emt 0:00:12]} 5. Nc3 {[%emt 0:00:07]} a6 {[%emt 0:00:17]} 6. Bg5 {[%emt 0:00:36]} e6 {[%emt 0:00:31]} 7. f4 {[%emt 0:00:14]} Nbd7 {[%emt 0:01:00]} 8. Qf3 {[%emt 0:00:16]} Be7 {[%emt 0:00:58]} 9. O-O-O {[%emt 0:00:20]} Qc7 {[%emt 0:01:07]} 10. g4 {[%emt 0:00:18]} b5 {[%emt 0:00:39]} 11. Bxf6 {[%emt 0:04:02]} Nxf6 {[%emt 0:01:03]} 12. g5 {[%emt 0:00:06]} Nd7 {[%emt 0:00:29]} 13. h4 {[%emt 0:00:14]} b4 {[%emt 0:08:29]} 14. Nce2 {[%emt 0:04:55]} Bb7 {[%emt 0:00:53]} 15. Ng3 {[%emt 0:05:06]} Rc8 {[%emt 0:07:41]} 16. Rh2 {[%emt 0:14:47]} d5 {[%emt 0:36:53]} 17. e5 {[%emt 0:09:32]} Nc5 {[%emt 0:00:12]} 18. Nh5 {[%emt 0:07:31]} Bf8 {[%emt 0:12:50]} 19. Bh3 {[%emt 0:07:13]} g6 {[%emt 0:11:16]} 20. Nf6+ {[%emt 0:00:31]} Kd8 {[%emt 0:00:00]} 21. h5 {[%emt 0:06:31]} Qa5 {[%emt 0:01:06]} 22. Kb1 {[%emt 0:02:16]} Na4 {[%emt 0:01:02]} 23. Qb3 {[%emt 0:36:55]} Nc5 {[%emt 0:04:50]} 24. Qe3 {[%emt 0:00:00]} Na4 {[%emt 0:02:19]} 25. Qb3 {[%emt 0:00:00]} Nc5 {[%emt 0:00:11]} 26. Qe3 {[%emt 0:00:00]} Na4 {[%emt 0:00:18]} 27. Qb3 {[%emt 0:00:00]} Nc5 {[%emt 0:00:07]} 1/2-1/2

[Event "FRA-ch Youth U12 2019"]
[Site "Hyeres"]
[Date "2019.04.18"]
[Round "6.4"]
[White "Volkov, Andreiy"]
[Black "Makkar, Rajat"]
[Result "0-1"]
[WhiteElo "1628"]
[BlackElo "2147"]
[Annotator "NA"]
[PlyCount "50"]
[EventDate "2019.04.14"]
[EventType "swiss"]
[EventCountry "FRA"]
[SourceTitle "playchess.com"]
[Source "ChessBase"]
[SourceQuality "1"]
[TimeControl "5400+30"]

1. e4 {[%emt 0:00:00]} e5 {[%emt 0:00:00]} 2. Nf3 {[%emt 0:00:00]} Nc6 {[%emt 0:00:00]} 3. Nc3 {[%emt 0:00:00]} Nf6 {[%emt 0:01:46]} 4. d4 {[%emt 0:00:00]} exd4 {[%emt 0:01:13]} 5. Nxd4 {[%emt 0:00:00]} Bb4 {[%emt 0:01:26]} 6. Nxc6 {[%emt 0:00:00]} bxc6 {[%emt 0:00:49]} 7. Bd3 {[%emt 0:00:05]} O-O {[%emt 0:02:02]} 8. O-O {[%emt 0:01:25]} Re8 {[%emt 0:00:40]} 9. Qf3 {[%emt 0:04:01]} d5 {[%emt 0:10:51]} 10. exd5 {[%emt 0:00:40]} cxd5 {[%emt 0:11:57]} 11. h3 {[%emt 0:03:05]} Bxc3 {[%emt 0:05:43]} 12. bxc3 {[%emt 0:00:17]} Ne4 {[%emt 0:02:19]} 13. c4 {[%emt 0:08:52]} Bb7 {[%emt 0:04:28]} 14. Re1 {[%emt 0:11:22]} Nc5 {[%emt 0:17:55]} 15. Rxe8+ {[%emt 0:06:39]} Qxe8 {[%emt 0:00:06]} 16. Qe3 {[%emt 0:00:43]} Qc6 {[%emt 0:12:05]} 17. cxd5 {[%emt 0:02:10]} Qxd5 {[%emt 0:01:06]} 18. f3 {[%emt 0:01:11]} Rd8 {[%emt 0:03:40]} 19. Bb2 {[%emt 0:09:57]} Nxd3 {[%emt 0:03:03]} 20. cxd3 {[%emt 0:00:42]} f6 {[%emt 0:01:42]} 21. Qxa7 {[%emt 0:02:12]} Qb5 {[%emt 0:00:43]} 22. Rc1 {[%emt 0:20:14]} Qxb2 {[%emt 0:17:26]} 23. Rxc7 {[%emt 0:01:11]} Qa1+ {[%emt 0:00:00]} 24. Kf2 {[%emt 0:00:04]} Re8 {[%emt 0:00:00]} 25. Kg3 {[%emt 0:00:59]} Qe5+ {[%emt 0:01:30]} 0-1

[Event "FRA-ch Youth U12 2019"]
[Site "Hyeres"]
[Date "2019.04.19"]
[Round "7.1"]
[White "Maurizzi, Marc Andria"]
[Black "Fischler, Oscar"]
[Result "1-0"]
[WhiteElo "2276"]
[BlackElo "1758"]
[Annotator "NA"]
[PlyCount "43"]
[EventDate "2019.04.14"]
[EventType "swiss"]
[EventCountry "FRA"]
[SourceTitle "playchess.com"]
[Source "ChessBase"]
[SourceQuality "1"]
[TimeControl "5400+30"]

1. e4 {[%emt 0:00:00]} e5 {[%emt 0:00:00]} 2. Nf3 {[%emt 0:00:00]} Nf6 {[%emt 0:00:00]} 3. Nxe5 {[%emt 0:00:28]} d6 {[%emt 0:00:00]} 4. Nf3 {[%emt 0:00:34]} Nxe4 {[%emt 0:00:00]} 5. d4 {[%emt 0:01:02]} d5 {[%emt 0:00:00]} 6. Bd3 {[%emt 0:00:04]} Bf5 {[%emt 0:00:00]} 7. O-O {[%emt 0:00:58]} Be7 {[%emt 0:01:19]} 8. Re1 {[%emt 0:00:57]} O-O {[%emt 0:03:44]} 9. Nbd2 {[%emt 0:04:51]} Nd6 {[%emt 0:01:56]} 10. Nf1 {[%emt 0:00:39]} Nc6 {[%emt 0:03:32]} 11. Ng3 {[%emt 0:03:31]} Bg4 {[%emt 0:04:44]} 12. c3 {[%emt 0:03:55]} g6 {[%emt 0:12:18]} 13. h3 {[%emt 0:02:44]} Be6 {[%emt 0:01:02]} 14. Bh6 {[%emt 0:13:53]} Re8 {[%emt 0:00:53]} 15. Qd2 {[%emt 0:04:42]} Bf6 {[%emt 0:08:53]} 16. Qf4 {[%emt 0:02:58]} Bg7 {[%emt 0:02:22]} 17. Nh5 {[%emt 0:10:32]} Bh8 {[%emt 0:14:33]} 18. Bg5 {[%emt 0:02:15]} f6 {[%emt 0:02:12]} 19. Bxf6 {[%emt 0:02:17]} Qd7 {[%emt 0:00:38]} 20. Bxh8 {[%emt 0:00:33]} Kxh8 {[%emt 0:00:01]} 21. Nf6 {[%emt 0:00:20]} Qf7 {[%emt 0:01:24]} 22. Ng5 {[%emt 0:00:07]} 1-0

[Event "FRA-ch Youth U12 2019"]
[Site "Hyeres"]
[Date "2019.04.19"]
[Round "7.2"]
[White "Siffert, Arman"]
[Black "Bat, Bilguun"]
[Result "1/2-1/2"]
[WhiteElo "1701"]
[BlackElo "2163"]
[Annotator "NA"]
[PlyCount "123"]
[EventDate "2019.04.14"]
[EventType "swiss"]
[EventCountry "FRA"]
[SourceTitle "playchess.com"]
[Source "ChessBase"]
[SourceQuality "1"]
[TimeControl "5400+30"]

1. e4 {[%emt 0:00:00]} c5 {[%emt 0:00:00]} 2. c3 {[%emt 0:00:00]} d5 {[%emt 0:00:00]} 3. exd5 {[%emt 0:00:00]} Qxd5 {[%emt 0:00:00]} 4. d4 {[%emt 0:00:22]} Nf6 {[%emt 0:00:01]} 5. Nf3 {[%emt 0:00:26]} Bg4 {[%emt 0:00:05]} 6. Be2 {[%emt 0:00:09]} e6 {[%emt 0:00:16]} 7. h3 {[%emt 0:00:30]} Bh5 {[%emt 0:00:18]} 8. O-O {[%emt 0:00:41]} Nc6 {[%emt 0:00:11]} 9. a3 {[%emt 0:00:53]} Be7 {[%emt 0:05:18]} 10. c4 {[%emt 0:00:41]} Qd7 {[%emt 0:04:39]} 11. dxc5 {[%emt 0:00:26]} a5 {[%emt 0:05:11]} 12. Be3 {[%emt 0:01:00]} Qxd1 {[%emt 0:02:50]} 13. Rxd1 {[%emt 0:00:12]} Ne4 {[%emt 0:10:04]} 14. Nc3 {[%emt 0:01:09]} Nxc3 {[%emt 0:03:10]} 15. bxc3 {[%emt 0:00:09]} Bg6 {[%emt 0:02:38]} 16. Nd4 {[%emt 0:02:16]} O-O-O {[%emt 0:15:17]} 17. Nxc6 {[%emt 0:02:47]} bxc6 {[%emt 0:00:19]} 18. Bd4 {[%emt 0:07:38]} Bf6 {[%emt 0:08:25]} 19. f4 {[%emt 0:22:28]} Rxd4 {[%emt 0:11:55]} 20. cxd4 {[%emt 0:23:01]} Rd8 {[%emt 0:00:17]} 21. Kf1 {[%emt 0:00:07]} Bxd4 {[%emt 0:00:46]} 22. Ra2 {[%emt 0:00:17]} Bxc5 {[%emt 0:03:48]} 23. Rxd8+ {[%emt 0:07:46]} Kxd8 {[%emt 0:00:08]} 24. Bf3 {[%emt 0:01:04]} Kc7 {[%emt 0:00:55]} 25. Ke2 {[%emt 0:00:11]} h5 {[%emt 0:02:40]} 26. g3 {[%emt 0:02:24]} Bd4 {[%emt 0:02:39]} 27. h4 {[%emt 0:24:01]} f6 {[%emt 0:03:42]} 28. g4 {[%emt 0:01:50]} hxg4 {[%emt 0:02:10]} 29. Bxg4 {[%emt 0:00:01]} Bf7 {[%emt 0:00:40]} 30. Kd3 {[%emt 0:00:27]} e5 {[%emt 0:06:53]} 31. Rg2 {[%emt 0:00:35]} c5 {[%emt 0:01:33]} 32. Bf3 {[%emt 0:00:45]} f5 {[%emt 0:00:28]} 33. fxe5 {[%emt 0:01:00]} Bxe5 {[%emt 0:00:07]} 34. h5 {[%emt 0:00:46]} Bf6 {[%emt 0:01:17]} 35. Rg1 {[%emt 0:00:14]} Kd6 {[%emt 0:08:50]} 36. Rb1 {[%emt 0:00:33]} Be8 {[%emt 0:00:00]} 37. Rb8 {[%emt 0:00:51]} Bd7 {[%emt 0:00:00]} 38. Ra8 {[%emt 0:00:21]} a4 {[%emt 0:00:00]} 39. Bd1 {[%emt 0:00:12]} f4 {[%emt 0:00:00]} 40. Bxa4 {[%emt 0:00:19]} Bf5+ {[%emt 0:00:00]} 41. Kd2 {[%emt 0:01:21]} Bg4 {[%emt 0:00:00]} 42. Bd1 {[%emt 0:00:09]} f3 {[%emt 0:00:00]} 43. Ke1 {[%emt 0:00:56]} Bh4+ {[%emt 0:00:00]} 44. Kd2 {[%emt 0:00:20]} Bxh5 {[%emt 0:00:00]} 45. Rf8 {[%emt 0:00:35]} Bg5+ {[%emt 0:00:39]} 46. Ke1 {[%emt 0:00:24]} Bf6 {[%emt 0:02:34]} 47. Kf2 {[%emt 0:00:01]} Bd4+ {[%emt 0:01:20]} 48. Kf1 {[%emt 0:00:01]} Bf6 {[%emt 0:00:30]} 49. Kf2 {[%emt 0:00:04]} Ke7 {[%emt 0:00:58]} 50. Rh8 {[%emt 0:02:03]} Bd4+ {[%emt 0:01:29]} 51. Kf1 Bg4 {[%emt 0:00:00]} 52. Rh4 {[%emt 0:00:27]} Be6 {[%emt 0:00:00]} 53. Re4 {[%emt 0:00:44]} Kd6 {[%emt 0:00:05]} 54. Rxe6+ {[%emt 0:00:11]} Kxe6 {[%emt 0:00:20]} 55. Bxf3 {[%emt 0:00:05]} Kf5 {[%emt 0:00:12]} 56. Kg2 {[%emt 0:00:12]} g5 {[%emt 0:00:11]} 57. a4 {[%emt 0:00:06]} g4 {[%emt 0:00:16]} 58. Bd5 {[%emt 0:00:05]} Bc3 {[%emt 0:00:05]} 59. Bg8 {[%emt 0:00:07]} Kf4 {[%emt 0:00:17]} 60. Bd5 {[%emt 0:00:06]} Be1 {[%emt 0:00:22]} 61. Bg8 {[%emt 0:00:07]} Ke5 {[%emt 0:00:22]} 62. Bd5 {[%emt 0:00:06]} 1/2-1/2

[Event "FRA-ch Youth U12 2019"]
[Site "Hyeres"]
[Date "2019.04.19"]
[Round "7.3"]
[White "Makkar, Rajat"]
[Black "Choiset, Arthur"]
[Result "1-0"]
[WhiteElo "2147"]
[BlackElo "1513"]
[Annotator "NA"]
[PlyCount "73"]
[EventDate "2019.04.14"]
[EventType "swiss"]
[EventCountry "FRA"]
[SourceTitle "playchess.com"]
[Source "ChessBase"]
[SourceQuality "1"]
[TimeControl "5400+30"]

1. d4 {[%emt 0:00:00]} Nf6 {[%emt 0:00:00]} 2. c4 {[%emt 0:00:00]} g6 {[%emt 0:00:00]} 3. g3 {[%emt 0:00:00]} Bg7 {[%emt 0:00:21]} 4. Bg2 {[%emt 0:00:12]} O-O {[%emt 0:00:22]} 5. Nc3 {[%emt 0:00:30]} d6 {[%emt 0:00:22]} 6. Nf3 {[%emt 0:00:36]} c5 {[%emt 0:00:19]} 7. d5 {[%emt 0:01:19]} Na6 {[%emt 0:01:31]} 8. O-O {[%emt 0:01:07]} Rb8 {[%emt 0:00:26]} 9. e4 {[%emt 0:04:05]} Nc7 {[%emt 0:04:49]} 10. a4 {[%emt 0:02:31]} e5 {[%emt 0:02:05]} 11. Ne1 {[%emt 0:02:55]} Nd7 {[%emt 0:03:15]} 12. Nd3 {[%emt 0:04:19]} Nb6 {[%emt 0:01:21]} 13. b3 {[%emt 0:00:37]} f5 {[%emt 0:01:10]} 14. Qe2 {[%emt 0:07:11]} Nd7 {[%emt 0:10:58]} 15. Qc2 {[%emt 0:06:38]} Nf6 {[%emt 0:05:16]} 16. Bg5 {[%emt 0:17:47]} h6 {[%emt 0:02:13]} 17. Be3 {[%emt 0:04:36]} Ng4 {[%emt 0:08:55]} 18. Bd2 {[%emt 0:04:07]} Na6 {[%emt 0:02:23]} 19. h3 {[%emt 0:06:09]} Nf6 {[%emt 0:00:39]} 20. Rae1 {[%emt 0:02:30]} Re8 {[%emt 0:09:22]} 21. f4 {[%emt 0:05:25]} fxe4 {[%emt 0:01:51]} 22. Nxe4 {[%emt 0:00:36]} Nxe4 {[%emt 0:00:36]} 23. Rxe4 {[%emt 0:01:37]} Bf5 {[%emt 0:01:06]} 24. g4 {[%emt 0:01:39]} Bxe4 {[%emt 0:00:44]} 25. Bxe4 {[%emt 0:00:06]} Qh4 {[%emt 0:04:12]} 26. Kg2 {[%emt 0:02:06]} Qe7 {[%emt 0:08:48]} 27. Bxg6 {[%emt 0:01:18]} Rf8 {[%emt 0:00:18]} 28. f5 {[%emt 0:01:07]} e4 {[%emt 0:01:26]} 29. Nf4 {[%emt 0:04:53]} e3 {[%emt 0:08:25]} 30. Re1 {[%emt 0:00:35]} Bd4 {[%emt 0:03:45]} 31. Qd3 {[%emt 0:04:31]} Qh4 {[%emt 0:02:13]} 32. Rxe3 {[%emt 0:01:13]} Bxe3 {[%emt 0:00:30]} 33. Qxe3 {[%emt 0:00:06]} Nc7 {[%emt 0:02:50]} 34. Ne6 {[%emt 0:01:58]} Rfe8 {[%emt 0:03:34]} 35. Bxe8 {[%emt 0:04:18]} Rxe8 {[%emt 0:00:05]} 36. Qxh6 {[%emt 0:00:52]} Qxh6 {[%emt 0:02:15]} 37. Bxh6 {[%emt 0:00:02]} 1-0

[Event "FRA-ch Youth U12 2019"]
[Site "Hyeres"]
[Date "2019.04.19"]
[Round "7.4"]
[White "Xiong, Noe"]
[Black "Mekhane, Adam"]
[Result "0-1"]
[WhiteElo "1586"]
[BlackElo "1995"]
[Annotator "NA"]
[PlyCount "60"]
[EventDate "2019.04.14"]
[EventType "swiss"]
[EventCountry "FRA"]
[SourceTitle "playchess.com"]
[Source "ChessBase"]
[SourceQuality "1"]
[TimeControl "5400+30"]

1. e4 {[%emt 0:00:00]} c5 {[%emt 0:00:00]} 2. Nf3 {[%emt 0:00:00]} Nc6 {[%emt 0:00:00]} 3. d4 {[%emt 0:00:06]} cxd4 {[%emt 0:00:00]} 4. Nxd4 {[%emt 0:00:05]} Nf6 {[%emt 0:00:00]} 5. Nc3 {[%emt 0:00:08]} d6 {[%emt 0:00:00]} 6. Be2 {[%emt 0:00:49]} e5 {[%emt 0:00:08]} 7. Ndb5 {[%emt 0:00:14]} a6 {[%emt 0:06:45]} 8. Na3 {[%emt 0:00:08]} b5 {[%emt 0:00:24]} 9. Nd5 {[%emt 0:03:37]} Nxe4 {[%emt 0:03:47]} 10. Bf3 {[%emt 0:01:00]} f5 {[%emt 0:01:48]} 11. O-O {[%emt 0:01:01]} Be7 {[%emt 0:11:11]} 12. Re1 {[%emt 0:01:56]} O-O {[%emt 0:02:23]} 13. Bxe4 {[%emt 0:08:46]} fxe4 {[%emt 0:00:35]} 14. Nxe7+ {[%emt 0:06:14]} Nxe7 {[%emt 0:00:32]} 15. Rxe4 {[%emt 0:00:39]} Bb7 {[%emt 0:03:27]} 16. Rg4 {[%emt 0:15:29]} Nf5 {[%emt 0:14:00]} 17. c3 {[%emt 0:03:12]} Qf6 {[%emt 0:14:08]} 18. Qe2 {[%emt 0:11:11]} h6 {[%emt 0:06:01]} 19. Nc2 {[%emt 0:04:30]} Rf7 {[%emt 0:03:28]} 20. Ne3 {[%emt 0:01:50]} h5 {[%emt 0:02:14]} 21. Rb4 {[%emt 0:01:50]} Nh4 {[%emt 0:01:25]} 22. Bd2 {[%emt 0:03:27]} Raf8 {[%emt 0:02:18]} 23. Rf1 {[%emt 0:06:04]} Qg5 {[%emt 0:07:27]} 24. Rxh4 {[%emt 0:20:40]} Qxh4 {[%emt 0:00:19]} 25. c4 {[%emt 0:00:27]} bxc4 {[%emt 0:07:11]} 26. Nxc4 {[%emt 0:00:19]} Rf6 {[%emt 0:00:58]} 27. Nb6 {[%emt 0:02:19]} Bc6 {[%emt 0:04:00]} 28. a4 {[%emt 0:00:40]} Rg6 {[%emt 0:04:30]} 29. f3 {[%emt 0:01:17]} Rb8 {[%emt 0:02:34]} 30. Qxa6 {[%emt 0:01:05]} Qd4+ {[%emt 0:00:35]} 0-1

[Event "FRA-ch Youth U12 2019"]
[Site "Hyeres"]
[Date "2019.04.20"]
[Round "8.1"]
[White "Lesueur, Gabriel"]
[Black "Maurizzi, Marc Andria"]
[Result "0-1"]
[WhiteElo "1589"]
[BlackElo "2276"]
[Annotator "NA"]
[PlyCount "66"]
[EventDate "2019.04.14"]
[EventType "swiss"]
[EventCountry "FRA"]
[SourceTitle "playchess.com"]
[Source "ChessBase"]
[SourceQuality "1"]
[TimeControl "5400+30"]

1. e4 {[%emt 0:00:00]} c5 {[%emt 0:00:00]} 2. Nf3 {[%emt 0:00:00]} d6 {[%emt 0:00:03]} 3. d4 {[%emt 0:00:00]} cxd4 {[%emt 0:00:03]} 4. Nxd4 {[%emt 0:00:00]} Nf6 {[%emt 0:00:03]} 5. Nc3 {[%emt 0:00:00]} Nc6 {[%emt 0:00:58]} 6. Be3 {[%emt 0:02:04]} e5 {[%emt 0:01:31]} 7. Ndb5 {[%emt 0:00:14]} a6 {[%emt 0:00:27]} 8. Na3 {[%emt 0:00:07]} b5 {[%emt 0:01:00]} 9. Nd5 {[%emt 0:00:07]} Nxd5 {[%emt 0:00:25]} 10. exd5 {[%emt 0:00:06]} Ne7 {[%emt 0:00:12]} 11. c4 {[%emt 0:00:18]} Nf5 {[%emt 0:05:13]} 12. Bd2 {[%emt 0:02:09]} g6 {[%emt 0:02:44]} 13. cxb5 {[%emt 0:02:53]} Bg7 {[%emt 0:00:06]} 14. bxa6 {[%emt 0:07:49]} O-O {[%emt 0:00:21]} 15. Be2 {[%emt 0:34:04]} e4 {[%emt 0:04:09]} 16. Nc4 {[%emt 0:13:49]} Bxa6 {[%emt 0:02:41]} 17. O-O {[%emt 0:07:26]} Bxc4 {[%emt 0:02:20]} 18. Bxc4 {[%emt 0:00:07]} Bxb2 {[%emt 0:02:05]} 19. Rb1 {[%emt 0:00:05]} Bd4 {[%emt 0:06:26]} 20. Qe2 {[%emt 0:06:36]} Re8 {[%emt 0:08:54]} 21. Be3 {[%emt 0:05:04]} Nxe3 {[%emt 0:04:27]} 22. fxe3 {[%emt 0:00:05]} Bc5 {[%emt 0:00:30]} 23. Kh1 {[%emt 0:07:31]} Ra7 {[%emt 0:02:54]} 24. Qg4 {[%emt 0:03:25]} Qa5 {[%emt 0:07:17]} 25. Bb5 {[%emt 0:05:01]} Ree7 {[%emt 0:04:23]} 26. Qc8+ {[%emt 0:02:05]} Kg7 {[%emt 0:00:13]} 27. Bc6 {[%emt 0:00:02]} Qa6 {[%emt 0:06:33]} 28. Qd8 {[%emt 0:02:08]} Qa5 {[%emt 0:01:44]} 29. Qc8 {[%emt 0:00:10]} Qc7 {[%emt 0:00:20]} 30. Qxc7 {[%emt 0:00:52]} Raxc7 {[%emt 0:02:15]} 31. Rb3 {[%emt 0:00:38]} f5 {[%emt 0:00:15]} 32. a4 {[%emt 0:00:17]} Kf6 {[%emt 0:00:30]} 33. g3 {[%emt 0:00:31]} Ke5 {[%emt 0:00:15]} 0-1

[Event "FRA-ch Youth U12 2019"]
[Site "Hyeres"]
[Date "2019.04.20"]
[Round "8.2"]
[White "Mekhane, Adam"]
[Black "Makkar, Rajat"]
[Result "0-1"]
[WhiteElo "1995"]
[BlackElo "2147"]
[Annotator "NA"]
[PlyCount "118"]
[EventDate "2019.04.14"]
[EventType "swiss"]
[EventCountry "FRA"]
[SourceTitle "playchess.com"]
[Source "ChessBase"]
[SourceQuality "1"]
[TimeControl "5400+30"]

1. e4 {[%emt 0:00:00]} e5 {[%emt 0:00:00]} 2. Nf3 {[%emt 0:00:00]} Nc6 {[%emt 0:00:00]} 3. Bb5 {[%emt 0:00:00]} a6 {[%emt 0:00:03]} 4. Ba4 {[%emt 0:00:00]} Nf6 {[%emt 0:00:13]} 5. O-O {[%emt 0:00:00]} Be7 {[%emt 0:00:19]} 6. Bxc6 {[%emt 0:00:01]} dxc6 {[%emt 0:03:00]} 7. d3 {[%emt 0:00:08]} Bg4 {[%emt 0:05:51]} 8. h3 {[%emt 0:00:47]} Bxf3 {[%emt 0:06:48]} 9. Qxf3 {[%emt 0:00:02]} Qd7 {[%emt 0:13:11]} 10. Qg3 {[%emt 0:06:25]} Qe6 {[%emt 0:01:13]} 11. Nd2 {[%emt 0:07:24]} Nh5 {[%emt 0:05:08]} 12. Qg4 {[%emt 0:06:32]} Qxg4 {[%emt 0:01:35]} 13. hxg4 {[%emt 0:00:02]} Nf4 {[%emt 0:01:11]} 14. Nc4 {[%emt 0:06:37]} Ne2+ {[%emt 0:01:53]} 15. Kh2 {[%emt 0:02:13]} h5 {[%emt 0:00:12]} 16. g5 {[%emt 0:01:13]} Nxc1 {[%emt 0:00:43]} 17. Raxc1 {[%emt 0:00:27]} Bxg5 {[%emt 0:00:06]} 18. Rcd1 {[%emt 0:03:56]} b5 {[%emt 0:14:03]} 19. Na5 {[%emt 0:05:21]} c5 {[%emt 0:01:39]} 20. c4 {[%emt 0:08:56]} Rh6 {[%emt 0:03:28]} 21. g3 {[%emt 0:03:20]} h4 {[%emt 0:00:59]} 22. gxh4 {[%emt 0:05:12]} Bxh4 {[%emt 0:02:06]} 23. Kg2 {[%emt 0:01:10]} Rg6+ {[%emt 0:00:07]} 24. Kf3 {[%emt 0:02:38]} Kd7 {[%emt 0:03:59]} 25. Ke2 {[%emt 0:02:55]} Rf6 {[%emt 0:03:33]} 26. f3 {[%emt 0:02:21]} Rh8 {[%emt 0:08:55]} 27. Rg1 {[%emt 0:06:28]} Rh7 {[%emt 0:04:19]} 28. Rg2 {[%emt 0:04:20]} Rfh6 {[%emt 0:00:50]} 29. Rdg1 {[%emt 0:02:00]} Bf6 {[%emt 0:00:18]} 30. Kf2 {[%emt 0:01:18]} Rh1 {[%emt 0:01:17]} 31. Nb3 {[%emt 0:03:38]} Kd6 {[%emt 0:18:31]} 32. Nd2 {[%emt 0:00:38]} R7h2 {[%emt 0:00:00]} 33. Nf1 {[%emt 0:05:44]} Bh4+ {[%emt 0:00:00]} 34. Ke2 {[%emt 0:00:40]} Rxg1 {[%emt 0:00:00]} 35. Rxh2 {[%emt 0:00:12]} g5 {[%emt 0:02:00]} 36. Ne3 {[%emt 0:03:42]} Rb1 {[%emt 0:00:00]} 37. Nf5+ {[%emt 0:02:33]} Kc6 {[%emt 0:00:00]} 38. Ke3 {[%emt 0:01:02]} b4 {[%emt 0:00:00]} 39. Rg2 {[%emt 0:05:12]} a5 {[%emt 0:00:00]} 40. Nh6 {[%emt 0:04:53]} f6 {[%emt 0:00:00]} 41. Nf5 {[%emt 0:00:00]} a4 {[%emt 0:00:00]} 42. Rh2 {[%emt 0:00:00]} a3 {[%emt 0:00:00]} 43. bxa3 {[%emt 0:00:00]} bxa3 {[%emt 0:00:00]} 44. Ne7+ {[%emt 0:02:00]} Kb7 {[%emt 0:00:00]} 45. Nd5 {[%emt 0:00:00]} Be1 {[%emt 0:02:17]} 46. Re2 {[%emt 0:00:18]} Ba5 47. Rc2 {[%emt 0:00:09]} Rb2 48. Re2 {[%emt 0:00:12]} c6 49. Nxf6 {[%emt 0:01:51]} Bc3 {[%emt 0:02:06]} 50. Kf2 {[%emt 0:00:00]} Ka6 51. Ng4 {[%emt 0:00:00]} Ka5 52. Kf1 {[%emt 0:00:50]} Bd4 53. Ne3 {[%emt 0:01:10]} Bxe3 {[%emt 0:04:37]} 54. Rxe3 {[%emt 0:00:30]} Rxa2 {[%emt 0:00:00]} 55. Re1 {[%emt 0:00:00]} Rb2 {[%emt 0:00:00]} 56. d4 {[%emt 0:00:15]} cxd4 {[%emt 0:00:00]} 57. Ra1 {[%emt 0:00:14]} a2 {[%emt 0:00:00]} 58. Rxa2+ {[%emt 0:00:10]} Rxa2 {[%emt 0:00:00]} 59. c5 {[%emt 0:00:01]} Kb4 {[%emt 0:00:00]} 0-1

[Event "FRA-ch Youth U12 2019"]
[Site "Hyeres"]
[Date "2019.04.20"]
[Round "8.3"]
[White "Bat, Bilguun"]
[Black "Ider, Bayar"]
[Result "1-0"]
[WhiteElo "2163"]
[BlackElo "1609"]
[Annotator "NA"]
[PlyCount "41"]
[EventDate "2019.04.14"]
[EventType "swiss"]
[EventCountry "FRA"]
[SourceTitle "playchess.com"]
[Source "ChessBase"]
[SourceQuality "1"]
[TimeControl "5400+30"]

1. d4 {[%emt 0:00:00]} Nf6 {[%emt 0:00:00]} 2. Nf3 {[%emt 0:00:00]} e6 {[%emt 0:00:00]} 3. e3 {[%emt 0:00:00]} d5 {[%emt 0:00:00]} 4. Bd3 {[%emt 0:00:00]} Bd6 {[%emt 0:00:05]} 5. O-O {[%emt 0:00:00]} O-O {[%emt 0:00:11]} 6. b3 {[%emt 0:00:12]} c5 {[%emt 0:00:28]} 7. Bb2 {[%emt 0:00:07]} Nc6 {[%emt 0:00:17]} 8. a3 {[%emt 0:01:00]} Qc7 {[%emt 0:00:28]} 9. dxc5 {[%emt 0:10:24]} Be7 {[%emt 1:33:01]} 10. Nbd2 {[%emt 0:02:01]} h6 {[%emt 0:00:00]} 11. b4 {[%emt 0:03:25]} a6 {[%emt 0:00:00]} 12. c4 {[%emt 0:04:26]} dxc4 {[%emt 0:00:00]} 13. Nxc4 {[%emt 0:00:25]} Rd8 {[%emt 0:00:00]} 14. Qc2 {[%emt 0:01:03]} Nd5 {[%emt 0:00:00]} 15. Rfd1 {[%emt 0:06:53]} a5 {[%emt 0:00:00]} 16. b5 {[%emt 0:06:48]} Nb8 {[%emt 0:00:00]} 17. e4 {[%emt 0:00:34]} Nf6 {[%emt 0:00:00]} 18. Nb6 {[%emt 0:02:33]} Ra7 {[%emt 0:00:00]} 19. Na4 {[%emt 0:03:07]} b6 {[%emt 0:05:00]} 20. Be5 {[%emt 0:02:10]} Qd7 {[%emt 0:00:00]} 21. Bxb8 {[%emt 0:00:49]} 1-0

[Event "FRA-ch Youth U12 2019"]
[Site "Hyeres"]
[Date "2019.04.20"]
[Round "8.4"]
[White "Kuhn, Clement"]
[Black "Siffert, Arman"]
[Result "1-0"]
[WhiteElo "1936"]
[BlackElo "1701"]
[Annotator "NA"]
[PlyCount "67"]
[EventDate "2019.04.14"]
[EventType "swiss"]
[EventCountry "FRA"]
[SourceTitle "playchess.com"]
[Source "ChessBase"]
[SourceQuality "1"]
[TimeControl "5400+30"]

1. e4 {[%emt 0:00:00]} c5 {[%emt 0:00:00]} 2. Nc3 {[%emt 0:00:00]} a6 {[%emt 0:00:00]} 3. g3 {[%emt 0:00:00]} Nc6 {[%emt 0:00:30]} 4. Bg2 {[%emt 0:00:00]} g6 {[%emt 0:00:41]} 5. Nh3 {[%emt 0:00:29]} Bg7 {[%emt 0:00:36]} 6. O-O {[%emt 0:00:17]} e6 {[%emt 0:01:01]} 7. d3 {[%emt 0:04:17]} Nge7 {[%emt 0:02:13]} 8. Bg5 {[%emt 0:08:05]} O-O {[%emt 0:18:10]} 9. Qd2 {[%emt 0:04:39]} f6 {[%emt 0:01:07]} 10. Be3 {[%emt 0:02:07]} b6 {[%emt 0:00:41]} 11. Nf4 {[%emt 0:03:12]} f5 {[%emt 0:25:44]} 12. Rab1 {[%emt 0:06:22]} e5 {[%emt 0:11:10]} 13. Nfd5 {[%emt 0:01:42]} Rb8 {[%emt 0:10:36]} 14. Bg5 {[%emt 0:02:36]} Qe8 {[%emt 0:00:06]} 15. a3 {[%emt 0:11:02]} d6 {[%emt 0:01:25]} 16. b4 {[%emt 0:01:39]} cxb4 {[%emt 0:02:46]} 17. axb4 {[%emt 0:02:08]} Bb7 {[%emt 0:21:44]} 18. Nxb6 {[%emt 0:10:01]} Nd4 {[%emt 0:00:00]} 19. Nbd5 {[%emt 0:00:50]} Nxd5 {[%emt 0:00:00]} 20. Nxd5 {[%emt 0:00:11]} Bxd5 {[%emt 0:00:00]} 21. exd5 {[%emt 0:00:07]} Qc8 {[%emt 0:00:00]} 22. Be7 {[%emt 0:02:22]} Rf7 {[%emt 0:00:00]} 23. Bxd6 {[%emt 0:00:07]} Rb5 {[%emt 0:02:22]} 24. c4 {[%emt 0:00:50]} Rbb7 {[%emt 0:00:31]} 25. f4 {[%emt 0:06:31]} exf4 {[%emt 0:00:31]} 26. Bxf4 {[%emt 0:00:14]} Rbe7 {[%emt 0:00:34]} 27. Rfe1 {[%emt 0:00:57]} Qe8 {[%emt 0:00:23]} 28. d6 {[%emt 0:05:42]} Ne2+ {[%emt 0:00:03]} 29. Kh1 {[%emt 0:00:39]} Bc3 {[%emt 0:00:51]} 30. Qc2 {[%emt 0:03:21]} Bxe1 {[%emt 0:00:34]} 31. dxe7 {[%emt 0:00:37]} Rxe7 {[%emt 0:00:13]} 32. Bd5+ {[%emt 0:00:16]} Kh8 {[%emt 0:00:21]} 33. Rxe1 {[%emt 0:00:39]} Nxg3+ {[%emt 0:00:56]} 34. Bxg3 {[%emt 0:25:01]} 1-0